000 00626nam a2200229Ia 4500
003 OSt
005 20220928144658.0
006 a|||||r|||| 00| 0
007 ta
008 220927b |||||||| |||| 00| 0 eng d
024 _a73003
037 _cTextual
040 _aSDCL
_cSDCL
_beng
041 _2eng
_aeng
082 _aO-973:g, P1
100 _aCastillo Susan Ed.
_9464014
245 0 _aLiteratures of colonial America
_b An anthology
260 _c2001
700 _a Schweitzer Ivy Ed.
_9464016
942 _hO-973:g, P1
_cTEXL
_2CC
999 _c828911
_d828911